000 01468na a2200421 4500
001 18114
003 MIRAKIL
005 20181213155223.0
008 170118b tu 000 0
035 _a18114
040 _aMilas
_btur
_cTR-AnCHP
041 _atur
082 _aCHP 324.2372
_bC36ü 1931
090 _aCHP 324.2372 C36ü 1931
111 _aCHP Olağan Kurultay
_cAnkara
_d10-18 Mayıs 1931
_n3.
222 _a3. Büyük Kurultay zabıtları
245 _aC.H.F. Üçüncü Büyük Kongre zabıtları
_b10-18 Mayıs 1931
_cCumhuriyet Halk Fırkası
246 _a3. Büyük Kurultay
246 _a3. Kurultay
246 _aCHP 3. Büyük Kurultayı
246 _aCumhuriyet Halk Fırkası Üçüncü Büyük Kongre zabıtları
260 _aİstanbul
_b[CHP]
_c1931
_fDevlet Matbaası
300 _a287 s.
_c28 sm.
490 _aCumhuriyet Halk Partisi yayınları
_vKurultaylar
610 _aCumhuriyet Halk Partisi
_xKurultaylar, 1931
_yTutanaklar
651 _aTürkiye
_xSiyaset ve yönetim
_y1931-1935
657 _aCHP Olağan Kurultayları
657 _aCHP kurultayları
657 _aCHP büyük kurultaylar
657 _aCHP kurultay tutanakları
740 _a3. Kurultay
740 _aCHP 3. Olağan Kurultayı
740 _a3. Büyük Kurultay
740 _aCHP 3. Büyük Kurultayı
740 _aCumhuriyet Halk Fırkası Üçüncü Büyük Kongre zabıtları
830 _aCHP kurultayları
942 _2ddc
_cBKS
999 _c8755
_d8755